LEADER 01064nam a2200229 i 4500 001 000000197506 003 CaOOAMICUS 005 20110215000000.0 008 110215s1980 it u000 u ita u 013 $a176193 040 $aSeMil$bita 245 10$aCristologia e liturgia :$batti della 8. settimana di studio dell'associazione professori di liturgia, Costabissara (Vicenza), 27-31 agosto 1979. 260 $aBologna :$bEDB,$c1980. 300 $a348 p. ;$c19 cm. 490 0 $aStudi di liturgia ;$v8 500 $aIn testa al front : Autori vari. 650 4$aLiturgia - Atti di congressi.$0(OLS)http://semarc/subject/7992 830 0$aStudi di liturgia ;$v8.$0(OLS)http://semarc/title/88 850 $aSeMil 852 $aSeMil$W1$xVenegono$y1$m3K V 408$j148065$B148065$CSeMilBibl$Z2$F159497 $81 996 $6245$aCristologia e liturgia :$batti della 8. settimana di studio dell'associazione professori di liturgia, Costabissara (Vicenza), 27-31 agosto 1979$9(OLS)http://semarc/title/285191 996 $6260$aBologna :$bEDB$9(OLS)http://semarc/publisher/29669 LEADER 01057nam a2200241 i 4500 001 000000205310 003 CaOOAMICUS 005 20110819000000.0 008 110819s1979 it u000 u ita u 013 $a184047 040 $aSeMil$bita 100 1 $aCrespi, Pietro.$0(OLS)http://semarc/name/10857 245 10$aCapitale operaia :$bstorie di vita raccolte tra le fabbriche di Sesto San Giovanni /$cPietro Crespi. 260 $aMilano :$bJaca Book,$c1979. 300 $a370 p. ;$c23 cm. 490 0 $aDi fronte e attraverso ;$v51 500 $aContiene : Bibliografia. 650 4$aOperai - Sesto San Giovanni - Diari e memorie.$0(OLS)http://semarc/subject/27697 830 0$aDi fronte e attraverso ;$v51.$0(OLS)http://semarc/title/6486 850 $aSeMil 852 $aSeMil$W1$xVenegono$y1$m3U II 382$j155804$B155804$CSeMilBibl$Z2$F167151 $81 996 $6245$aCapitale operaia :$bstorie di vita raccolte tra le fabbriche di Sesto San Giovanni$9(OLS)http://semarc/title/297164 996 $6260$aMilano :$bJaca Book$9(OLS)http://semarc/publisher/29781